| 000 | 00900nam a22001457a 4500 | ||
|---|---|---|---|
| 008 | 150410b xxu||||| |||| 00| 0 eng d | ||
| 082 |
_a759.06 _bW 143p v.3 |
||
| 100 |
_aVeronesi, Giulia _92394 |
||
| 245 |
_aArte contemporaneo _bEl Abstractismo Parte III _cVeronesi, Giulia (autor), Pinto Renato (editor) |
||
| 260 |
_aBuenos Aires Argentina _bViscontea _c1977 |
||
| 300 |
_a335 p. _bill. (col) _c30.5 cm |
||
| 505 |
_tBauhaus y el arte abstracto en Alemania. _rGiulia Veronesi _tEl arte abstracto en Europa Central. Los artistas figurativos de la Bauhaus _rGiulia Veronesi _tDossier cientifico _tAntologia critica de Stijl y Piet Mondrian (Parte II) _tLos fines del programa de la Bauhaus _tLos principios que sustentaron los distintos cursos de la Bauhaus _tLos origenes del filme abstracto |
||
| 650 |
_xSurrealismo _xArte moderno _xSiglo 20 _92395 |
||
| 700 |
_aGiulia Veronesi (autor), Renato Pinto (editor) _92396 |
||
| 999 |
_c515 _d515 |
||